Man̲aiyar̲am. (Record no. 80651)

MARC details
000 -LEADER
fixed length control field 00639cam a22002531 4500
001 - CONTROL NUMBER
control field sa 68005319
003 - CONTROL NUMBER IDENTIFIER
control field DLC
005 - DATE AND TIME OF LATEST TRANSACTION
control field 20260227112507.0
008 - FIXED-LENGTH DATA ELEMENTS--GENERAL INFORMATION
fixed length control field 950221s1965 ii 000 0 tamo
010 ## - LIBRARY OF CONGRESS CONTROL NUMBER
LC control number sa 68005319
025 ## - OVERSEAS ACQUISITION NUMBER
Overseas acquisition number PL480:I-T-2005
035 ## - SYSTEM CONTROL NUMBER
System control number (OCoLC)32029496
040 ## - CATALOGING SOURCE
Original cataloging agency DLC
Transcribing agency CU
Modifying agency CU
-- DLC
042 ## - AUTHENTICATION CODE
Authentication code premarc
050 00 - LIBRARY OF CONGRESS CALL NUMBER
Classification number PL4758.05
Item number .K33
100 1# - MAIN ENTRY--PERSONAL NAME
Personal name Kapilan, V.
245 10 - TITLE STATEMENT
Title Man̲aiyar̲am.
260 ## - PUBLICATION, DISTRIBUTION, ETC.
Date of publication, distribution, etc. [1965]
300 ## - PHYSICAL DESCRIPTION
Extent 64 p.
Dimensions 18 cm.
500 ## - GENERAL NOTE
General note In Tamil.
650 #0 - SUBJECT ADDED ENTRY--TOPICAL TERM
Topical term or geographic name entry element Tamil literature
General subdivision History and criticism.
650 #0 - SUBJECT ADDED ENTRY--TOPICAL TERM
Topical term or geographic name entry element Married women in literature.
650 #0 - SUBJECT ADDED ENTRY--TOPICAL TERM
Topical term or geographic name entry element Mothers in literature.

No items available.

Powered by Koha